Statistiken für Beliebteste Mädchennamen 2022

Klicken Sie hier um das Quiz zu spielen!

Allgemein

  • Dieses Quiz wurde 540 mal gespielt
  • Das Durchschnittsergebnis liegt bei 3 aus 10

Antwortstatistiken

Antwort% Korrekt
Mia
52%
Emma
51%
Lea
48%
Sophie
40%
Hannah
38%
Lina
36%
Emilia
30%
Ella
17%
Clara
8%
Ida
8%

Verteilung der Resultate

Perzentil nach korrekt beantworteten Fragen

Anzahl Personen mit jedem Resultat

Ihre Resultats-Entwicklung

Sie haben dieses Quiz noch nicht gespielt